000 00530nam a2200193Ia 4500
003 GCL
008 140319s9999 xx 000 0 eng d
040 _aGCL /
_cGCL
082 0 4 _a892.7
_bV
100 1 _aACCADEMIA NATIONALE DEI LINCEI
245 1 0 _aCONVEGNO SUL TEMA : LE ORIGINI DI ISRAELE /
_cACCADEMIA NATIONALE DEI LINCEI
260 _a[S.N] :
_bACCADEMIA NAZIONALE DEI LINCEI ،
_c1987
300 _a117 P
650 0 4 _aISRAEL
650 0 4 _aHEBREW
650 0 4 _aJEWS
650 0 4 _aISRAEL - HISTORY
942 _2ddc
_cBK
999 _c12452
_d12452